000 00275nam a22000977a 4500
999 _c11202
_d11202
008 181009b ||||| |||| 00| 0 eng d
020 _a9788130407906
100 _aSANJAY, SANJEEV JAISWAL
_96958
245 _aBEST OF MORE MAGIC TALES
260 _aINDIA
_bTINY TOT PUBLICATION
_c2015